=LDR 00000nam 2200000 4500 =001 INLIS000000000021437 =005 20130612120311 =008 ***********************************Ind** =035 ##$$0010-061300000021437 =041 ##$$a Ind =082 ##$$a 658.81 =090 ##$$a 658.81, Rie k =100 ##$$a RIES, ALL =245 ##$$a Kiat Sukses Bisnis Abad ini, All Ries ; Alih Bahasa : Suyiadno =260 ##$$a 1995 $b Jakarta =300 ##$$a 216, 21 cm =650 ##$$a Manajemen Penjualan =700 ##$$a Suyatro =850 ##$$a NBPNMAT